Gminy powiatu Rzeszowskiego - Statystyki

Ogólne statystyki
  • Ten quiz został rozwiązany 244 razy
  • Średni wynik to 8 z 13
Statystyki odpowiedzi
Gmina % Poprawnych
Boguchwała
88%
Tyczyn
79%
Głogów Małopolski
70%
Krasne
70%
Świlcza
62%
Trzebownisko
61%
Sokołów Małopolski
60%
Dynów
57%
Błażowa
56%
Kamień
41%
Lubenia
39%
Chmielnik
35%
Hyżne
34%
Nie znaleziono quizów pasujących do podanych kryteriów
Rozkład punktacji
Procent ludzi z każdym wynikiem
Percentyl według liczby udzielonych odpowiedzi
Twoja historia wyników
Nie rozwiązałeś tego quizu